| 000 | 00629nam a22002297a 4500 | ||
|---|---|---|---|
| 003 | UA-OsUOA | ||
| 001 | 95954 | ||
| 007 | ta | ||
| 008 | 20130313b un ||||| |||| 00| 0 ukr d | ||
| 100 | _aЛамур Л. | ||
| 090 |
_a821.111 _bЛ21 |
||
| 942 | _cBK | ||
| 040 |
_aUA-OsUOA _brus _cUA-OsUOA _dUA-OsUOA |
||
| 245 |
_aКровавое золото _bсборник вестернов |
||
| 300 | _a382 с. | ||
| 955 | _a3 | ||
| 041 | _arus | ||
| 080 | _a821.111 | ||
| 260 |
_aХарьков _b"Паритет" ЛТД _c1992 |
||
| 650 | 7 |
_a82 Література. Літературознавство _2UDC |
|
| 999 |
_c382200 _d382200 |
||